000 00570nam a2200193 i 4500
001 39893
003 ES-MaACL
005 20250804063356.0
007 t|
008 030304s1969 sp ||||1| spa d
100 1 _aCandel, Francisco,
_d1925-2007
_934448
245 1 0 _aTreintal mil pesetas por un hombre /
_cFrancisco Candel.
250 _a1ยช ed.
260 _aMadrid ;
_aBarcelona :
_b[Alfaguara],
_c1969.
300 _a219 p. ;
_c18 cm.
740 0 _a30000 mil pesetas por un hombre.
852 _aES-MaACL
_jC-40624
_bR.71878
999 _c39893
_d39893